Clic Patrimoine immatériel de la France inscrit à l'UNESCO - Statistiques

Statistiques générales
  • Ce quiz a été pris 53 fois
  • Le résultat moyen est 14 sur 26
Statistiques - réponses
Hint Extra Hint Réponse % Correct
Le repas *** des Français gastronomique
85%
La tapisserie d'*** Aubusson
81%
Les savoir-faire artisanaux et la culture de la *** de pain baguette
81%
Les savoir-faire liés au parfum en Pays de *** Grasse
81%
*** et *** processionnels de Belgique et de France Géants & dragons
77%
Le savoir-faire de la *** au point d’Alençon dentelle
74%
L'*** 3 pays Alpinisme
70%
Le ***, réseau de transmission des savoirs et des identités par le métier Compagnonnage
70%
Le ***, rassemblement festif basé sur la pratique collective des danses traditionnelles de Bretagne fest-noz
70%
Le *** profane et liturique de Corse de tradition orale 3 mots Cantu in paghjella
68%
Les fêtes de l’*** dans les Pyrénées 2 pays Ours
66%
L’art musical des *** de trompe sonneurs
66%
Les savoir-faire en mécanique *** et mécanique d’art horlogère
64%
L’art de la *** de verre 2 pays perle
60%
L’*** de tradition française équitation
53%
Les fêtes du feu du *** d’été dans les Pyrénées solstice
51%
La tradition du tracé dans la *** française charpente
49%
Le carnaval de *** Granville
49%
Le *** : musique, chants, danses et pratique culturelle représentatifs de l’identité guadeloupéenne gowka
40%
L’art de la construction en *** savoir-faire et techniques 2 mots pierre sèche
40%
Les ostensions septennales *** limousines
36%
La ***, un patrimoine humain vivant fauconnerie
28%
Le *** Maloya
13%
***, un programme partagé pour la sauvegarde des jeux et sports traditionnels 5 pays Tocatì
13%
La *** de Martinique yole
6%
Les techniques artisanales et les pratiques coutumières des ateliers de *** cathédrales
4%
Aucun quiz correspondant
Distribution des résultats
% des personnes avec chaque résultat
Percentile par nombre de réponses
Votre historique - résultats
Vous n’avez pas pris ce quiz